000 00209nam a2200085Ia 4500
942 _cBK
245 0 _aINFORMATION SKILLS
100 _aJONATHAN GRIX & GERALD WATKINS
008 210804s9999 xx 000 0 und d
999 _c41348
_d41347